1392 1397 1353 1676 1530 1737 1237 1156 1245 1554 1909 1271 1364 1193 1978 1996 1280 1298 1086 1042 1515 1906 1047 1788 1971 1240 1528 1428 1125 1927 1310 1472 1314 1224 1746 1017 1046 1013 1986 1387 1143 1836 1138 1564 1886 1366 1413 1786 1609 1127 1276 1616 1068 1417 1430 1010 1431 1245 1111 1833 1299 1193 1037 1439 1989 1001 1711 1588 1246 1833 1809 1250 1690 1808 1304 1798 1840 1315 1970 1524 1320 1223 1142 1810 1816 1065 1486 1864 1812 1977 1312 1720 1766 1028 1789 1694 1077 1139 1729 BCNSPRNW ULIB Ver.6.0+V

เปลี่ยนเป็นภาษาไทย

Change to English
 แสดงรายละเอียดบรรณานุกรม
  กลับหน้าหลัก

Brief Record : Get Marc (ISO 2709) : E-mail record : QR code < ปิดหน้าต่าง
LEADER : 00000nas 2200000uu 4500
001    13399114998
003     ULIB
008    020711s|||| th a 000 0 tha d
022    ^a22292365
110    ^aมหาวิทยาลัยศรีนครินทรวิโรฒ
245    ^aวารสารวิจัยและพัฒนาหลักสูตร /^cมหาวิทยาลัยศรีนครินทรวิโรฒ
260    ^aกรุงเทพฯ :^bมหาวิทยาลัยศรีนครินทรวิโรฒ,^cม.ป.ป.
310    ^aราย 6 เดือน
850 ^a ULIB^bปีที่ 1 ฉบับที่ 1 ;ปีที่ 1 ฉบับที่ 2 ฉ.1 ;ปีที่ 3 ฉบับที่ 1 ฉ.1 ;ปีที่ 3 ฉบับที่ 2 ฉ.1 ;ปีที่ 4 ฉบับที่ 1 ฉ.1 ;ปีที่ 4 ฉบับที่ 2 ฉ.1
945    ^p0^l0^i900503
945    ^p0^l0^i902883
945    ^p0^l0^i902884
945    ^p0^l0^i902885
945    ^p0^l0^i902886
945    ^p0^l0^i902887
รายการนี้ยังไม่มีแท็ก
คุณยังไม่ได้ล็อกอิน คุณสามารถมีกิจกรรมร่วมกับเว็บไซต์ได้ แต่ต้องล็อกอินก่อน ::
  ล็อกอิน

รายการสื่อสารสนเทศ (วารสาร)

ดูแบบ: กล่อง รายการ
ARRIVED
ปีที่ 1 ฉบับที่ 1
สถานที่: ห้องสมุดวิทยาเขตสวรรค์ประชารักษ์ >วารสาร
ARRIVED
ปีที่ 1 ฉบับที่ 2 ฉ.1
สถานที่: ห้องสมุดวิทยาเขตสวรรค์ประชารักษ์ >วารสาร
ARRIVED
ปีที่ 3 ฉบับที่ 1 ฉ.1
สถานที่: ห้องสมุดวิทยาเขตสวรรค์ประชารักษ์ >วารสาร
ARRIVED
ปีที่ 3 ฉบับที่ 2 ฉ.1
สถานที่: ห้องสมุดวิทยาเขตสวรรค์ประชารักษ์ >วารสาร
ARRIVED
ปีที่ 4 ฉบับที่ 1 ฉ.1
สถานที่: ห้องสมุดวิทยาเขตสวรรค์ประชารักษ์ >วารสาร
ARRIVED
ปีที่ 4 ฉบับที่ 2 ฉ.1
สถานที่: ห้องสมุดวิทยาเขตสวรรค์ประชารักษ์ >หนังสือพิมพ์
รายการใกล้เคียง
    ผู้แต่ง []

BibComment


ยังไม่เคยถูกคอมเมนท์

คอมเมนท์ทรัพยากรรายการนี้
  คอมเมนท์: วารสารวิจัยและพั..


 Copyright 2026. Bcnsprnw @Library